000
00281nam a22001217a 4500
008
160511b xxu||||| |||| 00| 0 eng d
020
_a
9780312657864
020
_a
0312657862
041
_a
eng
080
_a
316.77
245
_a
Speak up ! :
_c
Douglas M. Fraleigh;
942
_2
udc
_c
BK
999
_c
2026
_d
2026